Szent Péter esernyője

Bibliographic Details
Main Author: Mikszáth, Kálmán, 1847-1910 (Author)
Format: Book
Language:English
PhysicalDescription:344 s.
Published: Budapest Lampel Róbert [ 1947 ]

MARC

LEADER 00000nam a2200000 a 4500
001 vtls008187192
003 SK-MaSNL
005 20260301074632.0
008 240318 000 0 eng
040 |a SNK  |b slo  |c SNK  |e AACR2 
100 1 |a Mikszáth, Kálmán,  |d 1847-1910  |4 aut  |9 89516 
245 1 0 |a Szent Péter esernyője 
260 |a Budapest  |b Lampel Róbert  |c [ 1947 ] 
300 |a 344 s. 
999 |c 647779  |d 649709 
952 |a SNK  |b SNK  |y VYP  |7 0  |p 17A0478176  |o snkIE 208  |i snk452/47  |3 rekatalogizácia  |0 0  |1 0  |4 0  |d 2005-07-29  |l 0  |r 2026-02-23 18:12:50  |w 2026-02-23